000 01008nam a2200277 i 4500
003 EG-GICUC
005 20260122133159.0
008 260111s1926 uk ||||fre||| 00| 0 eng d
040 _aEG-GiCUC
_beng
_cEG-GiCUC
_dEG-GiCUC
_erda
082 0 4 _221
_a332.103
_bTH . D
092 0 4 _221
099 _aLaw1 13 REF 332.103 TH . D 1926
100 1 _aThomson,William
_eAuthor.
245 1 0 _aDictionary Of Banking :
_bA Concise Encyclopaedia Of Banking Law And Practice /
_cBy William Thomson Bank Inspector ; With A Section Of The Irish Land Laws In Their Relation To Banking By Lloyd Christian
250 _aSixth Edition
264 _aLondon :
_bSir Isaac Pitman & Sons, Ltd,
_c1926.
300 _a711 pages :
_c24 cm
336 _2rda content
_atext
337 _2rda media
_aComputer
338 _2rda carrier
_aOnline Resource
650 1 4 _aBanks
700 1 _aChristian,Lloyd
_ejoint author.
856 4 0 _uhttps://fll.law.cu.edu.eg/fulltext/bks/B13-09278.pdf
905 _a67
942 _2ddc
_cREF
_e21
_n0
999 _c56084
_d56084